00858 2200289 4500001002100000005001500021035002000036007000300056008004100059020002200100082001000122084001600132100001800148245014700166250001000313260003100323300003600354650000900390504003000399500001400429500001100443500004600454700002600500700001800526990001200544990001200556INLIS00000000001754520241112100948 a0010-1124000010ta241112 g 0 ind  a978-623-8698-03-5 aR.597 aR.597 RAM i0 aRAMA, Supanji1 aIkan Karang pada Modul Fish Shelter :bProgram reklamasi laut PT TIMAH Tbk tahun 2018-2023 /cRama Supanji, Indra Ambalika Syari, Jemi Ferizal acet.1 aBangka :bUBB Press,c2024 axvi, 224 hal. :bilus. ;c21 cm 4aIKAN aBibliografi : hal.213-214 aGlosarium aIndeks aUUB Press Bekerjasama dengan PT Timah Tbk0 aINDRA, Ambalika Syari0 aJEMI, Ferizal a12358 a a12358 a